000
00275nam a22001217a 4500
008
170615b xxu||||| |||| 00| 0 eng d
041
_a
eng
080
_a
94
100
_a
18
101
_a
SHH
245
_a
ENGLISH REVULOTION 1688 - 1689
_c
TREVELYAN.G.M
942
_2
udc
_c
BK
999
_c
17643
_d
17643